Šepoty svetla ročenka Literárneho klubu Duria v Martine

Bibliographic Details
Other Authors: Mišák, Peter, 1950- (Compiler)
Format: Serial
Language:Slovak
Czech
Published: Turany P + M, s.r.o. 2024-
Subjects:

MARC

LEADER 00000cas a2200000 4500
001 vtls012260237
003 SK-MaSNL
005 20260228155622.0
008 240711c20249999xo ar yh 0 b0slo
015 |a SNB2024-(r. 2023) 
020 |a 9788089410781  |q (rok 2023 ;  |q viazané) 
040 |a SNK  |b slo  |c SNK  |e rda 
041 0 |a slo  |a cze 
043 |a e-xo--- 
044 |a xo  |c SK 
072 7 |a 82  |x Literatúra. Literárny život  |2 konspekt 
072 7 |a 82:06  |x Literárne organizácie, súťaže  |2 konspekt 
080 |a 82:061  |2 2011 
080 |a 821.162.4-1  |2 2011 
080 |a 821.162.4-3  |2 2011 
080 |a 821.162.3-1  |2 2011 
080 |a 821.162.3-3  |2 2011 
080 |a (058)  |2 2011 
080 |a (437.6)  |2 2011 
245 0 0 |a Šepoty svetla  |b ročenka Literárneho klubu Duria v Martine 
264 1 |a Turany  |b P + M, s.r.o.  |c 2024- 
300 |c 22 cm 
310 |a 1x ročne 
336 |a text  |b txt  |2 rdacontent 
337 |a bez média  |b n  |2 rdamedia 
338 |a zväzok  |b nc  |2 rdacarrier 
362 0 |a 2023- 
500 |a Zostavil: 2023- , Peter Mišák 
546 |a Čiastočný text český 
610 2 7 |a Turčianska knižnica v Martine.  |b Literárny klub Duria  |2 SNKKA  |9 254670 
650 0 7 |a literárne kluby  |2 SNKPH  |9 29112 
650 0 7 |a Literary clubs  |2 SNKPHeng  |9 265009 
651 7 |a Slovensko  |2 SNKPHgeo 
651 7 |a Slovakia  |2 SNKPHeng  |9 92630 
655 7 |a slovenská poézia  |2 SNKPH  |9 70444 
655 7 |a Slovak poetry  |2 SNKPHeng  |9 265010 
655 7 |a Slovak prose literature  |2 SNKPHeng  |9 265011 
655 7 |a slovenská próza  |2 SNKPH  |9 104890 
655 7 |a česká poézia  |2 SNKPH  |9 70569 
655 7 |a Czech poetry  |2 SNKPHeng  |9 265012 
655 7 |a česká próza  |2 SNKPH  |9 265013 
655 7 |a Czech prose literature  |2 SNKPHeng  |9 265014 
655 7 |a Yearbooks  |2 SNKPHeng  |9 120938 
655 7 |a ročenky  |2 SNKPH  |9 57146 
700 1 |a Mišák, Peter,  |d 1950-  |4 com  |9 106471 
919 |a 978-80-89410-78-1 
999 |c 3  |d 3 
952 |0 0  |1 0  |4 0  |7 0  |8 0  |a SNK  |b SNK  |d 2024-07-17  |i snk2024/11364  |l 0  |o snkČSC 4267/2023  |p 17A1548776  |r 2026-02-21 19:50:17  |w 2026-02-21  |y PREZ  |z Vydané v r. 2024 
952 |0 0  |1 0  |4 0  |7 0  |8 0  |a SNK  |b SNK  |d 2024-07-17  |i snk2024/11365  |l 0  |o snkČSC 4267/2023 D1  |p 17A1548777  |r 2026-02-21 19:50:17  |w 2026-02-21  |y PREZ  |z Vydané v r. 2024